000 00542nam a2200181Ia 4500
003 IN-BaIIA
008 211028s9999 xx 000 0 eng d
020 _a0-915554-01-1
040 _cIIA Library
080 _a(035)52
_bCOR
100 _aCorliss, William R
_96946
245 0 _aHandbook of Unusual Natural Phenomena
_cWilliam R Corliss
260 _bHeffers Book Sellers
_c1977
300 _a542p
650 _aAstronomy and Astrophysics Thesaurus
650 _aAstronomy-Handbooks
942 _cBK
999 _c6479
_d6479